00307nam a22001217a 4500003000400000020001800004082001700022100002200039245003300061260006000094300001200154650001900166SGT a9781455738496 a617.63bS12P a Ronald Attanasio aSleep Medicine and Dentistry aLondon, United Kingdomb Elsevier Health Sciencesc2012 a313-423 aORAL MEDICINE